|
|
|
|
| LEADER |
03692nam a22003973i 4500 |
| 001 |
EBC6955901 |
| 003 |
MiAaPQ |
| 005 |
20231204023223.0 |
| 006 |
m o d | |
| 007 |
cr cnu|||||||| |
| 008 |
231204s2014 xx o ||||0 ger d |
| 020 |
|
|
|a 9783839421925
|q (electronic bk.)
|
| 020 |
|
|
|z 9783732821921
|
| 035 |
|
|
|a (MiAaPQ)EBC6955901
|
| 035 |
|
|
|a (Au-PeEL)EBL6955901
|
| 035 |
|
|
|a (OCoLC)885022018
|
| 040 |
|
|
|a MiAaPQ
|b eng
|e rda
|e pn
|c MiAaPQ
|d MiAaPQ
|
| 100 |
1 |
|
|a Marchart, Oliver.
|
| 245 |
1 |
4 |
|a Die Prekarisierungsgesellschaft :
|b Prekäre Proteste. Politik und Ökonomie im Zeichen der Prekarisierung.
|
| 250 |
|
|
|a 1st ed.
|
| 264 |
|
1 |
|a Bielefeld :
|b transcript,
|c 2014.
|
| 264 |
|
4 |
|c {copy}2014.
|
| 300 |
|
|
|a 1 online resource (249 pages)
|
| 336 |
|
|
|a text
|b txt
|2 rdacontent
|
| 337 |
|
|
|a computer
|b c
|2 rdamedia
|
| 338 |
|
|
|a online resource
|b cr
|2 rdacarrier
|
| 490 |
1 |
|
|a Gesellschaft der Unterschiede
|
| 505 |
0 |
|
|a Cover -- Inhalt -- Vorwort -- Das flackernde Licht der Verunsicherung. Ein umfassender Begriff von Prekarisierung -- 1. Die Dislozierung des Sozialen. Vier sozialwissenschaftliche Perspektiven auf Prekarisierung -- 1.1 Regulationstheorie: Postfordismus und Regulationsweise der Prekarisierung -- 1.2 Gouvernementalitätsstudien: Subjektivierung und Unsicherheitsdispositiv -- 1.3 Postoperaismus: fabbrica diffusa und kognitiver Kapitalismus -- 1.4 Pragmatische Soziologie: der »dritte Geist« des Kapitalismus und die projektbasierte Polis -- 1.5 Konvergenzen und Divergenzen: Der Primat des Protests und die Medien -- 2. Hegemonie und integrale Ökonomie. Die diskursanalytische Hegemonietheorie als integrierende Matrix -- 2.1 Laclaus und Mouffes »Postmarxismus«: Vier Verschiebungen in der Debatte -- 2.2 Jenseits des topographischen Modells von Gesellschaft: Integrale Ökonomie und integrale Politik -- 2.3 Umstrittene Vorherrschaft: Der Neoliberalismus als Hegemonialprojekt -- 2.4 Zur Genealogie der Prekarisierungsgesellschaft: Demokratischer Horizont und kapitalistische Dislozierung -- 2.5 Ein doppelter Transformismus: Hegemonietheorie als integrative Erklärungsmatrix -- 3. Prekarisierung im Blick der Diskursanalyse. Zur Fallstudie EuroMayDay-Bewegung -- 3.1 Grundzüge der Diskursanalyse: Modellanalyse des Thatcherismus -- 3.2 Die elementaren diskursiven Einheiten des Protests und der diskursive Transformismus -- 3.3 Das methodische Instrumentarium einer Diskursanalyse: 3 Strukturen -- 3.4 Ein umfassender Prekarisierungsbegriff: Diskursanalyse der EuroMayDay-Bewegung -- 4. Medien des Protests. Das Soziale, das Politische und die Materialität des Diskurses -- 4.1 Integrale Politik und soziale Sedimentierung -- 4.2 Der Protest und seine Apparate: Gegen- und Alternativmedien.
|
| 505 |
8 |
|
|a 4.3 Mediale Selbstsubjektivierungen: Der gegenmediale Apparat von Omnimedia und Media sociali -- 4.4 Prekäre Proteste: Selbstinfragestellung und Entsubjektivierung -- Vom Protest der Prekären zur Prekarität des Protests. Postidentitäre Bewegungen und die Zukunft der Demokratie -- Anhang -- Literatur.
|
| 588 |
|
|
|a Description based on publisher supplied metadata and other sources.
|
| 590 |
|
|
|a Electronic reproduction. Ann Arbor, Michigan : ProQuest Ebook Central, 2023. Available via World Wide Web. Access may be limited to ProQuest Ebook Central affiliated libraries.
|
| 655 |
|
4 |
|a Electronic books.
|
| 776 |
0 |
8 |
|i Print version:
|a Marchart, Oliver
|t Die Prekarisierungsgesellschaft
|d Bielefeld : transcript,c2014
|z 9783732821921
|
| 797 |
2 |
|
|a ProQuest (Firm)
|
| 830 |
|
0 |
|a Gesellschaft der Unterschiede
|
| 856 |
4 |
0 |
|u https://ebookcentral.proquest.com/lib/matrademy/detail.action?docID=6955901
|z Click to View
|